I love you Grandpa

Bibliographic Details
Main Author: Potter, Beatrix (Author)
Format: Book
Published: London : Frederick Warne 2022
Series:Peter Rabbit
Subjects:

MARC

LEADER 00000cam a2200000 7i4500
001 0000148921
005 20230619.0
008 230619s2022 xxka xb f eng
020 |a 9780241473139 
040 |a PERPUSTAM   |b eng   |c PERPUSTAM   |e rda 
090 0 0 |a J 823.92   |b POT 
100 1 |a Potter, Beatrix ,   |e author 
245 1 0 |a I love you Grandpa   |c based on the characters created by Beatrix Potter. 
264 1 |a London :   |b Frederick Warne   |c 2022 
300 |a unnumbered pages :   |b chiefly illustrations (colour) ;   |c 17cm. 
336 |a text  |2 rdacontent 
337 |a unmediated  |2 rdamedia 
338 |a volume  |2 rdacarrier 
490 1 |a Peter Rabbit 
650 1 0 |a JUVENILE FICTION / Family / Multigenerational 
650 2 0 |a Animal stories (Children's / Teenage) 
650 2 0 |a Family & home stories (Children's / Teenage) 
830 0 |a Peter Rabbit 
999 |a 0000762786   |b Buku   |c Koleksi Pinjaman Kanak-Kanak   |e Perbadanan Perpustakaan Awam Melaka 
999 |a 0000762787   |b Buku   |c Koleksi Pinjaman Kanak-Kanak   |e Perbadanan Perpustakaan Awam Melaka 
999 |a 0000762788   |b Buku   |c Koleksi Pinjaman Kanak-Kanak   |e Perpustakaan Cawangan Jasin 
999 |a 0000762789   |b Buku   |c Koleksi Pinjaman Kanak-Kanak   |e Perpustakaan Cawangan Masjid Tanah 
999 |a 0000762790   |b Buku   |c Koleksi Pinjaman Kanak-Kanak   |e Perpustakaan Cawangan Merlimau